| 000 | 01106nam0a22003011 4500 | ||
|---|---|---|---|
| 001 | RU\INFOCOMM_322\NLR\5000273274 | ||
| 005 | 20250614080850.0 | ||
| 035 | _a(NLR Aleph) 010619000 | ||
| 090 |
_a10596963 _c10596963 |
||
| 100 | _a20130327d1986 |||y0rusy50 ca | ||
| 101 | 1 |
_aeng _crus |
|
| 102 | _aRU | ||
| 105 | _ay z|||| | ||
| 200 | 1 |
_aThe fascinating world of bees _fV. V. Rodionov a. I. A. Shabarshov _gTransl. from the Russ. by Maya Victorova |
|
| 205 | _aRev. from the 1983 Russ. ed. | ||
| 210 |
_aM. _cMir _d1986 |
||
| 215 |
_a309 с. _cил., цв. ил. _d21 см |
||
| 300 | _aВ вып. дан.: Если вы имеете пчел / Виктор Васильевич Родионов, Иван Андреевич Шабаршов | ||
| 620 | _aМосква | ||
| 686 |
_aП691 _2rubbk |
||
| 700 | 1 |
_aRodionov _bV. V. _f1910- _gViktor Vasil'evič |
|
| 701 | 1 |
_9z02790 _aŠabaršov _bI. A. _f1922- _gIvan Andreevič |
|
| 790 | 1 |
_9z02701 _aShabarshov _bI. A. _4070 |
|
| 801 | 1 |
_aRU _bInfocomm _c20130327 |
|
| 801 | 0 |
_aRU _bINFOCOMM _gPSBO |
|
| 852 |
_aNLR _jС91 Д-3/30 |
||
| 942 | _cBOOK | ||
| 980 | _aNB | ||